[Event "St Petersburg Blitz 2023"]
[Site "St Petersburg"]
[Date "2023.08.25"]
[Round "2"]
[White "Pereverzev, Timofei"]
[Black "Zakhartsov, Vladimir"]
[Result "0-1"]
[WhiteElo "1946"]
[BlackElo "2526"]
[PlyCount "74"]
[EventDate "2023.08.25"]
[EventType "game (blitz)"]
[EventRounds "11"]
[EventCountry "RUS"]
[SourceTitle "EXT 2024"]
[Source "ChessBase"]
[SourceDate "2023.10.10"]
[SourceVersion "1"]
[SourceVersionDate "2023.10.10"]
[SourceQuality "1"]

1. e4 c5 2. Nc3 Nc6 3. g3 g6 4. Bg2 Bg7 5. d3 Rb8 6. Be3 d6 7. Nge2 b5 8. a3 a5 9. Qd2 b4 10. axb4 axb4 11. Nd1 Nf6 12. h3 0-0 13. 0-0 Re8 14. c3 Nd7 15. d4 Na5 16. Qc2 Nc4 17. Bc1 bxc3 18. bxc3 cxd4 19. cxd4 Ndb6 20. Ne3 Be6 21. Rb1 Rc8 22. Qd3 Nxe3 23. Bxe3 Nc4 24. Bf4 d5 25. e5 Bf5 26. Qf3 Bxb1 27. Rxb1 e6 28. h4 Rb8 29. Rc1 h5 30. Bg5 Qb6 31. Bf6 Qb3 32. Qf4 Qd3 33. Bxg7 Kxg7 34. Bf3 Nd2 35. Rc7 Nxf3+ 36. Kg2 Ne1+ 37. Kh2 Qf5 0-1

[Event "Dubai op-B 23rd"]
[Site "Dubai"]
[Date "2023.06.04"]
[Round "9"]
[White "Saksham, Singh"]
[Black "Pereverzev, Timofei"]
[Result "0-1"]
[WhiteElo "1702"]
[BlackElo "1917"]
[PlyCount "112"]
[EventDate "2023.05.27"]
[EventType "swiss"]
[EventRounds "9"]
[EventCountry "UAE"]
[SourceTitle "CBM 214 Extra"]
[Source "ChessBase"]
[SourceDate "2023.07.31"]
[SourceVersion "1"]
[SourceVersionDate "2023.07.31"]
[SourceQuality "1"]

1. e4 c5 2. Nf3 Nc6 3. d4 cxd4 4. Nxd4 g6 5. Nc3 Bg7 6. Be3 Nf6 7. Bc4 0-0 8. Bb3 d6 9. f3 Bd7 10. Qd2 a6 11. 0-0-0 b5 12. h4 h5 13. g4 Ne5 14. Nd5 e6 15. Nxf6+ Bxf6 16. gxh5 gxh5 17. Bg5 Kh7 18. Qf4 Be7 19. Rdg1 Rg8 20. Qd2 a5 21. a3 f6 22. Be3 Nc4 23. Qe2 Nxe3 24. Qxe3 Qb6 25. f4 Rg4 26. Rxg4 hxg4 27. Qd3 e5 28. Ne2 Qf2 29. f5 Bc6 30. Rg1 b4 31. a4 Bf8 32. Qc4 Bh6+ 33. Kb1 Rf8 34. Rxg4 Be8 35. Qc7+ Kh8 36. Qc4 Bf7 37. Qd3 Bh5 38. Rg6 Bxg6 39. fxg6 f5 40. exf5 Qxf5 41. Qxd6 Qf1+ 42. Ka2 Qxe2 43. Bf7 Bg7 44. h5 Qxh5 45. Qd5 Qh2 46. Qxa5 Qxc2 47. Bb3 Qd2 48. Qc5 Qd4 49. Qc1 Qe4 50. Qg5 Qf4 51. Qh5+ Qh6 52. Qe2 Qxg6 53. a5 Ra8 54. Ba4 Rxa5 55. b3 Rc5 56. Qh2+ Qh7 0-1

[Event "Dubai op-B 23rd"]
[Site "Dubai"]
[Date "2023.06.02"]
[Round "7"]
[White "Srivatsan, Karthikeyan"]
[Black "Pereverzev, Timofei"]
[Result "0-1"]
[WhiteElo "2001"]
[BlackElo "1917"]
[PlyCount "40"]
[EventDate "2023.05.27"]
[EventType "swiss"]
[EventRounds "9"]
[EventCountry "UAE"]
[SourceTitle "CBM 214 Extra"]
[Source "ChessBase"]
[SourceDate "2023.07.31"]
[SourceVersion "1"]
[SourceVersionDate "2023.07.31"]
[SourceQuality "1"]

1. e4 c5 2. Nf3 Nc6 3. d4 cxd4 4. Nxd4 Nf6 5. f3 e6 6. c4 Bb4+ 7. Nc3 d5 8. Nxc6 bxc6 9. cxd5 exd5 10. exd5 0-0 11. Be2 Qb6 12. Bd2 Re8 13. Kf1 Ba6 14. Bxa6 Qxa6+ 15. Ne2 Nxd5 16. a3 Bxd2 17. Qxd2 Rad8 18. Kf2 Ne3 19. Nd4 Qb6 20. Qb4 Rxd4 0-1

[Event "Dubai op-B 23rd"]
[Site "Dubai"]
[Date "2023.05.30"]
[Round "4"]
[White "Pereverzev, Timofei"]
[Black "Rakshan, Magotra"]
[Result "0-1"]
[WhiteElo "1917"]
[BlackElo "1670"]
[PlyCount "68"]
[EventDate "2023.05.27"]
[EventType "swiss"]
[EventRounds "9"]
[EventCountry "UAE"]
[SourceTitle "CBM 214 Extra"]
[Source "ChessBase"]
[SourceDate "2023.07.31"]
[SourceVersion "1"]
[SourceVersionDate "2023.07.31"]
[SourceQuality "1"]

1. e4 c5 2. Nc3 Nc6 3. g3 d6 4. Bg2 e6 5. f4 Nf6 6. Nf3 Be7 7. 0-0 0-0 8. Kh1 a6 9. d4 cxd4 10. Nxd4 Bd7 11. Be3 Qc7 12. h3 Rac8 13. g4 b5 14. g5 Ne8 15. a3 Na5 16. f5 Nc4 17. Bc1 Qc5 18. b4 Qb6 19. f6 Bd8 20. fxg7 Nxg7 21. Nce2 Qa7 22. Ng3 Bb6 23. c3 Ne5 24. Bb2 Rc4 25. Nh5 Nxh5 26. Qxh5 Ng6 27. Rad1 Qc7 28. Ne2 Bc6 29. Ng3 d5 30. Qg4 dxe4 31. Rd4 Bxd4 32. cxd4 Rc2 33. Nh5 Rd8 34. Nf6+ Kf8 0-1

[Event "Dubai op-B 23rd"]
[Site "Dubai"]
[Date "2023.05.29"]
[Round "3"]
[White "Alyeldin, Mohamed"]
[Black "Pereverzev, Timofei"]
[Result "1-0"]
[WhiteElo "2170"]
[BlackElo "1917"]
[PlyCount "69"]
[EventDate "2023.05.27"]
[EventType "swiss"]
[EventRounds "9"]
[EventCountry "UAE"]
[SourceTitle "CBM 214 Extra"]
[Source "ChessBase"]
[SourceDate "2023.07.31"]
[SourceVersion "1"]
[SourceVersionDate "2023.07.31"]
[SourceQuality "1"]

1. e4 c5 2. Nf3 Nc6 3. Bb5 g6 4. 0-0 Bg7 5. c3 a6 6. Bxc6 dxc6 7. d3 a5 8. Be3 b6 9. d4 cxd4 10. cxd4 Nf6 11. Qc2 Bb7 12. h3 0-0 13. Nbd2 Rc8 14. Rfe1 Nd7 15. Rad1 Qc7 16. a3 Rfd8 17. Qb3 b5 18. a4 Ba6 19. Rc1 b4 20. Ng5 Rf8 21. Qc2 Qd8 22. Nb3 e5 23. dxe5 Nxe5 24. Nc5 Bd3 25. Qb3 Bc4 26. Rxc4 Nxc4 27. Qxc4 Qe7 28. b3 Rfd8 29. Nf3 Ra8 30. Bg5 Bf6 31. Bxf6 Qxf6 32. e5 Qe7 33. e6 f6 34. Nd7 c5 35. Nb6 1-0

[Event "Chigorin Memorial 29th"]
[Site "St Petersburg"]
[Date "2022.10.29"]
[Round "8"]
[White "Pereverzev, Timofei"]
[Black "Lundin, Jan"]
[Result "1/2-1/2"]
[WhiteElo "2053"]
[BlackElo "2199"]
[PlyCount "81"]
[EventDate "2022.10.22"]
[EventType "swiss"]
[EventRounds "9"]
[EventCountry "RUS"]
[SourceTitle "EXT 2024"]
[Source "ChessBase"]
[SourceDate "2023.10.10"]
[SourceVersion "1"]
[SourceVersionDate "2023.10.10"]
[SourceQuality "1"]

1. Nf3 d6 2. b3 e5 3. d3 f5 4. Nbd2 Nf6 5. Bb2 Be7 6. e4 0-0 7. Be2 c5 8. 0-0 Nc6 9. Ne1 f4 10. c3 g5 11. f3 Bd7 12. d4 Qc7 13. d5 Nd8 14. Nd3 Nf7 15. g4 h5 16. h3 Nh8 17. c4 Ng6 18. Qc2 Kf7 19. Kf2 Rh8 20. Rh1 Rh7 21. Rag1 Rah8 22. Qd1 Qa5 23. Kg2 hxg4 24. hxg4 Rxh1 25. Rxh1 Rxh1 26. Kxh1 Qxa2 27. b4 cxb4 28. c5 a5 29. Qc2 Qa4 30. Qxa4 Bxa4 31. Nc4 Bb5 32. Nxa5 Bxd3 33. Bxd3 dxc5 34. Nxb7 Ne8 35. Kg2 Kf6 36. Kf1 Nh8 37. d6 Nxd6 38. Nxc5 Nhf7 39. Nd7+ Ke6 40. Nc5+ Kf6 41. Nd7+ 1/2-1/2

[Event "Chigorin Memorial 29th"]
[Site "St Petersburg"]
[Date "2022.10.27"]
[Round "6"]
[White "Pereverzev, Timofei"]
[Black "Scheglov, Gleb"]
[Result "1/2-1/2"]
[WhiteElo "2053"]
[BlackElo "1822"]
[PlyCount "61"]
[EventDate "2022.10.22"]
[EventType "swiss"]
[EventRounds "9"]
[EventCountry "RUS"]
[SourceTitle "EXT 2024"]
[Source "ChessBase"]
[SourceDate "2023.10.10"]
[SourceVersion "1"]
[SourceVersionDate "2023.10.10"]
[SourceQuality "1"]

1. Nf3 Nf6 2. b3 b6 3. Bb2 Bb7 4. d4 d5 5. Nbd2 e6 6. e3 Nbd7 7. Be2 c5 8. 0-0 Be7 9. c4 0-0 10. Rc1 Rc8 11. Rc2 Ne4 12. cxd5 Bxd5 13. Nc4 cxd4 14. Nxd4 Nd6 15. Nxd6 Rxc2 16. Nxf7 Rxf7 17. Qxc2 Bd6 18. g3 Nc5 19. Bc4 Qg5 20. Bxd5 exd5 21. b4 Ne4 22. Qc8+ Rf8 23. Qd7 Bxg3 24. hxg3 Nxg3 25. f4 Ne2+ 26. Kh2 Qg3+ 27. Kh1 Qh4+ 28. Kg2 Qg3+ 29. Kh1 Qh4+ 30. Kg2 Qg3+ 31. Kh1 1/2-1/2

[Event "Chigorin Memorial 29th"]
[Site "St Petersburg"]
[Date "2022.10.26"]
[Round "5"]
[White "Elizarov, Dmitry"]
[Black "Pereverzev, Timofei"]
[Result "1-0"]
[WhiteElo "2383"]
[BlackElo "2053"]
[PlyCount "45"]
[EventDate "2022.10.22"]
[EventType "swiss"]
[EventRounds "9"]
[EventCountry "RUS"]
[SourceTitle "EXT 2024"]
[Source "ChessBase"]
[SourceDate "2023.10.10"]
[SourceVersion "1"]
[SourceVersionDate "2023.10.10"]
[SourceQuality "1"]

1. d4 d5 2. c4 dxc4 3. e3 e6 4. Bxc4 Nf6 5. Nf3 c5 6. 0-0 Nc6 7. Qe2 cxd4 8. Rd1 Be7 9. exd4 0-0 10. Nc3 Na5 11. Bd3 b6 12. Ne5 Bb7 13. Bg5 Nc6 14. Bxf6 gxf6 15. Bxh7+ Kxh7 16. Qh5+ Kg7 17. Qg4+ Kh7 18. Rd3 fxe5 19. Rh3+ Bh4 20. Rxh4+ Qxh4 21. Qxh4+ Kg7 22. Qg5+ Kh7 23. Ne4 1-0

[Event "Chigorin Memorial 29th"]
[Site "St Petersburg"]
[Date "2022.10.25"]
[Round "4"]
[White "Pereverzev, Timofei"]
[Black "Makshanov, Matvey"]
[Result "1-0"]
[WhiteElo "2053"]
[BlackElo "1639"]
[PlyCount "117"]
[EventDate "2022.10.22"]
[EventType "swiss"]
[EventRounds "9"]
[EventCountry "RUS"]
[SourceTitle "EXT 2024"]
[Source "ChessBase"]
[SourceDate "2023.10.10"]
[SourceVersion "1"]
[SourceVersionDate "2023.10.10"]
[SourceQuality "1"]

1. d4 d5 2. Nf3 Nf6 3. b3 e6 4. Bb2 Be7 5. Nbd2 0-0 6. e3 Nbd7 7. Be2 c5 8. 0-0 b6 9. c4 Bb7 10. Rc1 Rc8 11. Rc2 dxc4 12. bxc4 Qc7 13. Qa1 Rfd8 14. Rfc1 Bc6 15. a4 Qb7 16. Bc3 Ne4 17. Nxe4 Bxe4 18. Rd2 Bf6 19. Rdd1 Nb8 20. Ne1 Na6 21. f3 Bg6 22. Qb2 Qc6 23. d5 Bxc3 24. Rxc3 exd5 25. cxd5 Qb7 26. e4 Nb4 27. Nd3 a5 28. Ne5 Qe7 29. Nc4 Rb8 30. Bf1 Kh8 31. Re3 Qd7 32. Qb3 Re8 33. Na3 Qe7 34. Bb5 Red8 35. Nc4 Qg5 36. Qc3 f6 37. Re2 Bf7 38. Qe3 Qh5 39. Qf4 Be8 40. d6 Qf7 41. d7 Bxd7 42. Rxd7 Qe6 43. Red2 Rf8 44. Qc7 f5 45. Rxg7 Qh6 46. Re7 fxe4 47. Qe5+ Kg8 48. Qxe4 Rbd8 49. Rxd8 Rxd8 50. Re8+ Rxe8 51. Qxe8+ Kg7 52. Ne3 Qf6 53. h3 Qd4 54. Qe7+ Kh6 55. Kh2 Qf4+ 56. g3 Qxf3 57. Ng4+ Kh5 58. Be8+ Qf7 59. Bxf7# 1-0

[Event "Chigorin Memorial 29th"]
[Site "St Petersburg"]
[Date "2022.10.24"]
[Round "3"]
[White "Kengurov, Yaroslav"]
[Black "Pereverzev, Timofei"]
[Result "0-1"]
[WhiteElo "1743"]
[BlackElo "2053"]
[PlyCount "76"]
[EventDate "2022.10.22"]
[EventType "swiss"]
[EventRounds "9"]
[EventCountry "RUS"]
[SourceTitle "EXT 2024"]
[Source "ChessBase"]
[SourceDate "2023.10.10"]
[SourceVersion "1"]
[SourceVersionDate "2023.10.10"]
[SourceQuality "1"]

1. d4 b5 2. Nf3 Bb7 3. Bf4 d6 4. e3 a6 5. Nbd2 g6 6. c4 c6 7. Qb3 Nd7 8. Be2 Bg7 9. 0-0 Ngf6 10. h3 0-0 11. Rfd1 Re8 12. a4 Rb8 13. c5 e5 14. dxe5 dxe5 15. Bg5 Qe7 16. a5 Nxc5 17. Qc2 Ne6 18. Bh4 Qc7 19. Bxf6 Bxf6 20. Ne4 Be7 21. Qc3 f5 22. Nxe5 b4 23. Qb3 Qxe5 24. Nd2 Kg7 25. Nc4 Qf6 26. Nb6 Nf8 27. Nd7 Nxd7 28. Rxd7 Bc8 29. Ra7 c5 30. Rd1 Kh8 31. Qa4 Be6 32. Rxa6 Qf7 33. Qa1 b3 34. Qc1 c4 35. Ra7 Ra8 36. Qc3+ Bf6 37. Rxf7 Bxc3 38. Rc7 Bxa5 0-1

[Event "Novi Sad Vojvodina op 12th"]
[Site "Novi Sad"]
[Date "2022.07.31"]
[Round "9"]
[White "Pereverzev, Timofei"]
[Black "Korelskiy, Egor"]
[Result "1/2-1/2"]
[WhiteElo "1859"]
[BlackElo "2314"]
[PlyCount "240"]
[EventDate "2022.07.24"]
[EventType "swiss"]
[EventRounds "9"]
[EventCountry "SRB"]
[SourceTitle "CBM 209 Extra"]
[Source "ChessBase"]
[SourceDate "2022.09.30"]
[SourceVersion "1"]
[SourceVersionDate "2022.09.30"]
[SourceQuality "1"]

1. c4 e6 2. g3 d5 3. Bg2 Nf6 4. d4 c6 5. Nd2 dxc4 6. Nxc4 b5 7. Ne5 Bb7 8. Ngf3 Bd6 9. 0-0 0-0 10. Bg5 h6 11. Bxf6 Qxf6 12. Nd3 Nd7 13. Rc1 Rac8 14. b4 a5 15. bxa5 Rfd8 16. a4 Ba6 17. axb5 Bxb5 18. Qb3 Ra8 19. Ra1 Rdb8 20. Qc2 Rc8 21. Rfb1 Qd8 22. Nc5 Bxc5 23. dxc5 Rxa5 24. Rxa5 Qxa5 25. Nd4 Ne5 26. h4 Rd8 27. Nxb5 cxb5 28. Qb2 Nc4 29. Qxb5 Rd1+ 30. Kh2 Rxb1 31. Qxc4 Rb4 32. Qc2 Qc7 33. Kg1 e5 34. Bd5 Rb5 35. Qc4 Rxc5 36. Qd3 Kh8 37. e4 Qd7 38. Kg2 Rc8 39. Qb3 Rf8 40. Qb4 Qd8 41. Qc5 f5 42. exf5 Rxf5 43. Be4 Qf8 44. Qe3 Rf6 45. Qa7 Qd6 46. f3 Rf8 47. g4 Qd2+ 48. Kh3 Qd1 49. Qb7 Qd6 50. Qa7 Rf4 51. Qa8+ Qf8 52. Qc6 Rf6 53. Qd5 Qe8 54. Kg3 Qe7 55. h5 Rd6 56. Qa8+ Rd8 57. Qc6 Qf6 58. Qb7 Qd6 59. Qa7 Rb8 60. Qf7 Rf8 61. Qa7 Qd1 62. Qa3 Qd8 63. Qa6 Qd1 64. Qa3 Rd8 65. Qa6 Qd6 66. Qa7 Rf8 67. Qb7 Qd1 68. Qc6 Qe2 69. Qb7 Qe1+ 70. Kh3 Qf1+ 71. Kg3 Qg1+ 72. Kh3 Qf2 73. Qd5 Qd4 74. Qc6 Qe3 75. Qd5 Qf4 76. Qd6 Qf6 77. Qc7 Qe6 78. Qc5 Rc8 79. Qa7 Qb3 80. Qa6 Rf8 81. Qc6 Qf7 82. Qd6 Re8 83. Qb6 Qf6 84. Qb7 Rf8 85. Qc7 Qe6 86. Qc5 Rf4 87. Qc7 Rxe4 88. fxe4 Kh7 89. Qd8 Qb3+ 90. Kg2 Qb2+ 91. Kf3 Qh2 92. Qd7 Qf4+ 93. Kg2 Qxe4+ 94. Kg3 Qf4+ 95. Kg2 Qf6 96. Qd3+ Kg8 97. Qd5+ Kf8 98. Qd7 e4 99. Qc8+ Kf7 100. Qd7+ Qe7 101. Qf5+ Kg8 102. Qc8+ Kf7 103. Qf5+ Qf6 104. Qxe4 Qe6 105. Qf4+ Qf6 106. Qc7+ Ke6 107. Qc6+ Ke5 108. Qxf6+ gxf6 109. Kf3 f5 110. gxf5 Kxf5 111. Kg3 Kg5 112. Kh3 Kxh5 113. Kg3 Kg5 114. Kg2 h5 115. Kg1 h4 116. Kh1 h3 117. Kh2 Kg4 118. Kh1 Kg3 119. Kg1 h2+ 120. Kh1 Kh3 1/2-1/2

[Event "Novi Sad Vojvodina op 12th"]
[Site "Novi Sad"]
[Date "2022.07.30"]
[Round "7"]
[White "Pereverzev, Timofei"]
[Black "Kostic, Vladimir G"]
[Result "0-1"]
[WhiteElo "1859"]
[BlackElo "2189"]
[PlyCount "54"]
[EventDate "2022.07.24"]
[EventType "swiss"]
[EventRounds "9"]
[EventCountry "SRB"]
[SourceTitle "CBM 209 Extra"]
[Source "ChessBase"]
[SourceDate "2022.09.30"]
[SourceVersion "1"]
[SourceVersionDate "2022.09.30"]
[SourceQuality "1"]

1. c4 c5 2. g3 Nc6 3. Bg2 g6 4. Nc3 Bg7 5. d3 d6 6. e4 h5 7. h3 Nd4 8. Nge2 Bd7 9. Be3 Qc8 10. Rb1 e5 11. Nd5 Nxe2 12. Qxe2 Nf6 13. h4 Nxd5 14. cxd5 0-0 15. 0-0 f5 16. f4 b6 17. exf5 Bxf5 18. Be4 Qd7 19. Rf2 Rae8 20. Rbf1 exf4 21. Rxf4 Bxe4 22. Rxf8+ Bxf8 23. dxe4 Bg7 24. Bf4 Qh3 25. Rd1 Bd4+ 26. Rxd4 cxd4 27. Bxd6 Qf5 0-1

[Event "Novi Sad TS Mix 244th"]
[Site "Novi Sad"]
[Date "2022.02.28"]
[Round "10"]
[White "Pereverzev, Timofei"]
[Black "Mrdja, Milan"]
[Result "0-1"]
[WhiteElo "1843"]
[BlackElo "2241"]
[PlyCount "38"]
[EventDate "2022.02.21"]
[EventType "swiss"]
[EventRounds "10"]
[EventCountry "SRB"]
[SourceTitle "CBM 207 Extra"]
[Source "ChessBase"]
[SourceDate "2022.05.31"]
[SourceVersion "1"]
[SourceVersionDate "2022.05.31"]
[SourceQuality "1"]

1. Nf3 d5 2. g3 g6 3. Bg2 Bg7 4. 0-0 Nf6 5. d4 0-0 6. b3 c5 7. Bb2 Ne4 8. Nbd2 Nc6 9. c3 Qa5 10. Nxe4 dxe4 11. Ne1 Rd8 12. e3 f5 13. Qe2 b6 14. Qc4+ Kh8 15. Nc2 Ba6 16. Qe6 Rd6 17. b4 Rxe6 18. bxa5 Bxf1 19. Bxf1 Nxa5 0-1

[Event "Moscow City Team-ch"]
[Site "Moscow"]
[Date "2021.09.14"]
[Round "4"]
[White "Finkelstein, Alexander"]
[Black "Pereverzev, Timofei"]
[Result "0-1"]
[WhiteElo "1855"]
[BlackElo "1852"]
[PlyCount "66"]
[EventDate "2021.09.11"]
[EventType "team-swiss"]
[EventRounds "7"]
[EventCountry "RUS"]
[SourceTitle "EXT 2022"]
[Source "ChessBase"]
[SourceDate "2021.10.06"]
[SourceVersion "1"]
[SourceVersionDate "2021.10.06"]
[SourceQuality "1"]

1. d4 g6 2. e4 Bg7 3. c4 d6 4. Nc3 Nd7 5. Nf3 e5 6. Be2 Ne7 7. d5 0-0 8. 0-0 f5 9. Bd2 Nf6 10. Qc2 h6 11. b4 g5 12. exf5 Bxf5 13. Bd3 Qd7 14. Ne4 Nxe4 15. Bxe4 Rf7 16. Rab1 Raf8 17. Rb3 b5 18. Ra3 Ng6 19. cxb5 Qxb5 20. Bxf5 Rxf5 21. Qe4 Nf4 22. Ra5 Ne2+ 23. Kh1 Ng3+ 24. hxg3 Qxf1+ 25. Kh2 Rxf3 26. gxf3 Qxf2+ 27. Kh1 Qf1+ 28. Kh2 Qf2+ 29. Kh1 Qf1+ 30. Kh2 Rxf3 31. Be1 h5 32. Qxf3 Qxf3 33. Kg1 e4 0-1

[Event "Moscow op-A 17th"]
[Site "Moscow"]
[Date "2021.02.21"]
[Round "2"]
[White "Gaer, Igor"]
[Black "Pereverzev, Timofei"]
[Result "1-0"]
[WhiteElo "1916"]
[BlackElo "1506"]
[PlyCount "75"]
[EventDate "2021.02.20"]
[EventType "swiss"]
[EventRounds "9"]
[EventCountry "RUS"]
[SourceTitle "CBM 200 Extra"]
[Source "ChessBase"]
[SourceDate "2021.03.31"]
[SourceVersion "1"]
[SourceVersionDate "2021.03.31"]
[SourceQuality "1"]

1. d4 d5 2. Nf3 Nf6 3. Bf4 c5 4. e3 Bf5 5. c3 Nc6 6. Bd3 Bxd3 7. Qxd3 Qb6 8. b3 Rc8 9. Nbd2 e6 10. 0-0 Be7 11. h3 h6 12. Ne5 Nh5 13. Bh2 Nxe5 14. dxe5 g5 15. e4 c4 16. bxc4 dxc4 17. Nxc4 Qa6 18. Nd6+ Bxd6 19. Qxa6 bxa6 20. exd6 Kd7 21. Rab1 Rb8 22. Rb3 Rxb3 23. axb3 Rb8 24. b4 Nf4 25. Bxf4 gxf4 26. Ra1 Rb6 27. e5 f6 28. c4 fxe5 29. c5 Rc6 30. f3 Kc8 31. Kf2 Kb7 32. Ke2 e4 33. fxe4 Rc8 34. e5 Rc6 35. Kd3 h5 36. Kd4 Rc8 37. c6+ Kb6 38. d7 1-0

[Event "Chigorin Memorial 27th"]
[Site "St Petersburg"]
[Date "2019.10.07"]
[Round "3"]
[White "Aseev, Vladimir"]
[Black "Pereverzev, Timofei"]
[Result "1-0"]
[WhiteElo "2057"]
[BlackElo "1479"]
[PlyCount "141"]
[EventDate "2019.10.05"]
[EventType "swiss"]
[EventRounds "9"]
[EventCountry "RUS"]
[SourceTitle "EXT 2020"]
[Source "ChessBase"]
[SourceDate "2019.10.17"]
[SourceVersion "1"]
[SourceVersionDate "2019.10.17"]
[SourceQuality "1"]

1. d4 d5 2. Nf3 Nf6 3. Bf4 c5 4. e3 Nc6 5. c3 Qb6 6. Qb3 c4 7. Qxb6 axb6 8. Na3 Ra5 9. Bc7 Nd7 10. Nc2 e6 11. Be2 Ra7 12. 0-0 b5 13. Nd2 b6 14. Bg3 Nf6 15. Bf3 Be7 16. a4 bxa4 17. Nxc4 b5 18. Nd6+ Bxd6 19. Bxd6 Na5 20. Bc5 Ra8 21. Na3 Ba6 22. Be2 Rb8 23. Bd6 Rb7 24. f3 Kd7 25. Bb4 Nb3 26. Rad1 Kc7 27. e4 Kc6 28. Bd3 Nd7 29. Nc2 Rc7 30. Ba3 Nb6 31. Nb4+ Kb7 32. exd5 exd5 33. Rfe1 Rd8 34. Re5 g6 35. Bc2 Na5 36. Nd3 Nac4 37. Re7 Rxe7 38. Bxe7 Re8 39. Re1 Nc8 40. Bh4 Rxe1+ 41. Bxe1 Ne3 42. Bb1 Nc4 43. Bg3 Ne7 44. Bf4 Kb6 45. Bg5 Nf5 46. Kf2 h6 47. Bc1 Bc8 48. g4 Nfd6 49. Bxh6 Kc7 50. Bc1 Kd8 51. Nb4 Be6 52. h4 Ke8 53. Nd3 Kf8 54. Kg3 Kg7 55. Nf4 Na5 56. Nxe6+ fxe6 57. h5 gxh5 58. gxh5 Nf7 59. Bd3 Nc4 60. Kg4 Ncd6 61. Kf4 Kf6 62. Kg3 Kg7 63. Kf2 Nh6 64. Ke2 Nhf5 65. Kd1 Nh4 66. h6+ Kh8 67. Bf4 Ndf5 68. Be5+ Kh7 69. Bd6 Kxh6 70. Bf4+ Kg6 71. Bxb5 1-0

[Event "EU-ch U10"]
[Site "Bratislava"]
[Date "2019.08.06"]
[Round "5"]
[White "Pereverzev, Timofei"]
[Black "Jalovec, Igor"]
[Result "1/2-1/2"]
[WhiteElo "1306"]
[BlackElo "1473"]
[PlyCount "128"]
[EventDate "2019.08.02"]
[EventType "swiss"]
[EventRounds "9"]
[EventCountry "SVK"]
[SourceTitle "EXT 2020"]
[Source "ChessBase"]
[SourceDate "2019.10.17"]
[SourceVersion "1"]
[SourceVersionDate "2019.10.17"]
[SourceQuality "1"]

1. e4 e5 2. Nf3 Nc6 3. Bc4 Nf6 4. Ng5 d5 5. exd5 Na5 6. Bb5+ c6 7. dxc6 bxc6 8. Qf3 Be7 9. Bd3 0-0 10. Nc3 h6 11. Nge4 Nd5 12. Ng3 Nf4 13. Bf5 Bb7 14. Nge2 c5 15. Be4 Bxe4 16. Nxe4 f5 17. N4c3 Nxe2 18. Qxe2 Nc6 19. 0-0 f4 20. Qe4 Rc8 21. Nd5 Bd6 22. c3 Qe8 23. f3 Qh5 24. d3 Kh8 25. Bd2 Rf5 26. Rf2 Rff8 27. a3 Qf7 28. b4 Ne7 29. Nxe7 Qxe7 30. Rff1 Qf6 31. g3 Rce8 32. Kg2 Re7 33. c4 g5 34. g4 Rh7 35. h3 h5 36. Rh1 h4 37. Rhb1 Rd7 38. b5 Bc7 39. a4 Rd4 40. Qe2 Rfd8 41. Rb3 R8d7 42. Raa3 Qd8 43. Bc3 Re7 44. Bxd4 exd4 45. Qf2 Ba5 46. Ra2 Re3 47. Re2 Qd6 48. Kf1 Qe5 49. Rbb2 Kg7 50. Rxe3 fxe3 51. Qg2 Qf4 52. Ke2 Kf6 53. Rb1 Ke5 54. Rh1 Kf6 55. Rb1 Ke5 56. Ra1 Kf6 57. Rg1 Ke5 58. Qh1 Kf6 59. Rg2 Ke5 60. Qb1 Qf6 61. b6 Qxb6 62. Qb5 Qxb5 63. axb5 Kf4 64. Rg1 Bb6 1/2-1/2

[Event "EU-ch U10"]
[Site "Bratislava"]
[Date "2019.08.04"]
[Round "3"]
[White "Pereverzev, Timofei"]
[Black "Roubal, Matyas"]
[Result "1-0"]
[WhiteElo "1306"]
[BlackElo "1130"]
[PlyCount "51"]
[EventDate "2019.08.02"]
[EventType "swiss"]
[EventRounds "9"]
[EventCountry "SVK"]
[SourceTitle "EXT 2020"]
[Source "ChessBase"]
[SourceDate "2019.10.17"]
[SourceVersion "1"]
[SourceVersionDate "2019.10.17"]
[SourceQuality "1"]

1. e4 e5 2. Nf3 Nc6 3. Bc4 Nf6 4. Ng5 d5 5. exd5 Na5 6. Bb5+ c6 7. dxc6 bxc6 8. Qf3 Bd7 9. Bd3 h6 10. Ne4 Nxe4 11. Bxe4 Bd6 12. Nc3 0-0 13. Bf5 Nb7 14. d3 Re8 15. 0-0 Nc5 16. Ne4 Nxe4 17. dxe4 Qe7 18. Re1 Rab8 19. c3 Rb7 20. b4 Rc7 21. a4 a5 22. Bxd7 Qxd7 23. bxa5 Ra7 24. Ba3 Rxa5 25. Bxd6 Qxd6 26. Reb1 1-0

[Event "Moscow Time of the First U11"]
[Site "Moscow"]
[Date "2019.06.22"]
[Round "8"]
[White "Maimin, Leonid"]
[Black "Pereverzev, Timofei"]
[Result "1/2-1/2"]
[WhiteElo "1329"]
[BlackElo "1448"]
[PlyCount "91"]
[EventDate "2019.06.17"]
[EventType "swiss"]
[EventRounds "9"]
[EventCountry "RUS"]
[SourceTitle "EXT 2021"]
[Source "ChessBase"]
[SourceDate "2020.10.23"]
[SourceVersion "1"]
[SourceVersionDate "2020.10.23"]
[SourceQuality "1"]

1. c4 e5 2. g3 Nf6 3. Bg2 d5 4. cxd5 Nxd5 5. Nc3 Nb6 6. Nf3 Nc6 7. 0-0 Be7 8. a3 0-0 9. b4 Be6 10. e3 a6 11. d3 Bf6 12. Ne4 Be7 13. Bb2 f6 14. Rc1 Qd7 15. Nc5 Bxc5 16. bxc5 Nd5 17. d4 e4 18. Nd2 f5 19. Re1 Nf6 20. Bf1 Bd5 21. Bc4 Ne7 22. Bxd5+ Nfxd5 23. Nc4 Nc6 24. Qb3 Qe6 25. Red1 Rab8 26. Rb1 g5 27. h4 g4 28. Bc3 Kf7 29. Bb4 Kf6 30. Ne5 Rfd8 31. Nxc6 bxc6 32. Qc4 Qc8 33. Be1 Rb5 34. a4 Rxb1 35. Rxb1 Qa8 36. Ba5 Ke7 37. Qb3 Kd7 38. Kf1 Rc8 39. Ke2 Rg8 40. Kd2 h5 41. Kc2 Rc8 42. Qc4 Rd8 43. Rb3 Rc8 44. Qf1 Re8 45. Qb1 Kc8 46. Qb2 1/2-1/2

[Event "Moscow Time of the First U11"]
[Site "Moscow"]
[Date "2019.06.21"]
[Round "7"]
[White "Pereverzev, Timofei"]
[Black "Gerasimov, Matvey"]
[Result "1-0"]
[WhiteElo "1448"]
[BlackElo "1202"]
[PlyCount "145"]
[EventDate "2019.06.17"]
[EventType "swiss"]
[EventRounds "9"]
[EventCountry "RUS"]
[SourceTitle "EXT 2021"]
[Source "ChessBase"]
[SourceDate "2020.10.23"]
[SourceVersion "1"]
[SourceVersionDate "2020.10.23"]
[SourceQuality "1"]

1. e4 e5 2. Nf3 Nf6 3. Nxe5 d6 4. Nf3 Nxe4 5. Nc3 Nxc3 6. dxc3 Be7 7. Be3 Nc6 8. Qd2 Be6 9. 0-0-0 Qd7 10. Nd4 Nxd4 11. Bxd4 Rg8 12. Bd3 h6 13. Qe2 Bg5+ 14. Kb1 0-0-0 15. Bb5 c6 16. Bc4 d5 17. Bd3 Rde8 18. f3 Bf5 19. Qf2 Bxd3 20. cxd3 a6 21. h4 Bd8 22. Rde1 Qf5 23. Kc2 Bf6 24. Bxf6 Qxf6 25. f4 Qf5 26. Qf3 Qd7 27. g4 Rxe1 28. Rxe1 Re8 29. Rxe8+ Qxe8 30. Kd2 Qe7 31. h5 Qe6 32. g5 Qf5 33. Qg3 Kc7 34. Qe3 Kd7 35. c4 dxc4 36. dxc4 f6 37. gxf6 gxf6 38. Qf3 Qa5+ 39. Kc2 Qf5+ 40. Kb3 Kc7 41. Kc3 Qa5+ 42. Kb3 Qf5 43. Qg3 Qxh5 44. Qg7+ Kb8 45. Qxf6 Qd1+ 46. Kb4 Qd2+ 47. Kc5 Qa5+ 48. Kd6 Qc7+ 49. Ke6 Qc8+ 50. Ke5 Qe8+ 51. Kd4 Qd7+ 52. Ke4 c5 53. Qf8+ Ka7 54. Qxc5+ b6 55. Qd5 Qe7+ 56. Kf5 Qh7+ 57. Kg4 Qg7+ 58. Kh5 Qg3 59. Qd7+ Kb8 60. Qg4 Qh2+ 61. Kg6 Qc2+ 62. Kxh6 Qxc4 63. Kh7 Qf7+ 64. Kh6 Qf8+ 65. Kg6 Qg8+ 66. Kf5 Qc8+ 67. Kg5 Qg8+ 68. Kh4 Qh7+ 69. Qh5 Qe7+ 70. Qg5 Qh7+ 71. Kg4 Qd7+ 72. f5 Qd4+ 73. Qf4+ 1-0